| 000 | 00732cam a2200205 a 4500 | ||
|---|---|---|---|
| 020 | _a0198288999 (cloth : acidfree paper) | ||
| 040 | _cDLC | ||
| 082 | 0 | 0 | _a332 OXF 1994 A010 Or. |
| 245 | 0 | 4 |
_aThe Japanese main bank system : _bits relevance for developing and transforming economies / |
| 260 |
_aOxford [England] ; _aNew York : _bOxford University Press, _c1994. |
||
| 300 |
_axxxii, 651 p. : _bill. ; _c24 cm. |
||
| 650 | 0 | 0 | _aBanks and banking |
| 650 | 0 | 0 | _aFinance |
| 650 | 0 | 0 | _aBanks and banking |
| 700 | 1 | _aAoki, Masahiko, | |
| 700 | 1 | _aPatrick, Hugh T. | |
| 856 | 4 | 2 | _uhttp://www.loc.gov/catdir/enhancements/fy0605/94029638-d.html |
| 856 | 4 | 1 | _uhttp://www.loc.gov/catdir/enhancements/fy0605/94029638-t.html |
| 942 | _cEK | ||
| 999 |
_c13818 _d13818 |
||